[Event "Baden-ch U1400"]
[Site "Walldorf"]
[Date "2017.07.30"]
[Round "7"]
[White "Beck, Jochen"]
[Black "Kowohl, Ewald"]
[Result "0-1"]
[WhiteElo "1137"]
[BlackElo "1290"]
[PlyCount "64"]
[EventDate "2017.07.26"]
[EventType "swiss"]
[EventRounds "7"]
[EventCountry "GER"]
[SourceTitle "EXT 2018"]
[Source "ChessBase"]
[SourceDate "2017.10.13"]
[SourceVersion "1"]
[SourceVersionDate "2017.10.13"]
[SourceQuality "1"]

1. e4 e5 2. Nf3 Nc6 3. d4 exd4 4. Nxd4 d6 5. Nxc6 bxc6 6. Bc4 Bb7 7. Nc3 Nf6 8. f3 Be7 9. Be3 0-0 10. Qd2 a6 11. 0-0-0 Nd7 12. Qf2 Ne5 13. Bb3 Bf6 14. Rd2 Qb8 15. Rhd1 Bc8 16. h3 Nd7 17. f4 Bxc3 18. bxc3 c5 19. Rd3 Nb6 20. c4 a5 21. a4 Be6 22. Rc3 Qb7 23. f5 Bd7 24. Qh4 Rfe8 25. Qg5 f6 26. Qg3 Nxa4 27. Bh6 Re7 28. Bxa4 Bxa4 29. h4 Qxe4 30. h5 Qxf5 31. Qf3 Qxf3 32. gxf3 gxh6 0-1

[Event "Baden-ch U1400"]
[Site "Walldorf"]
[Date "2017.07.29"]
[Round "5"]
[White "Gugau, Simon"]
[Black "Beck, Jochen"]
[Result "1/2-1/2"]
[WhiteElo "1017"]
[BlackElo "1137"]
[PlyCount "69"]
[EventDate "2017.07.26"]
[EventType "swiss"]
[EventRounds "7"]
[EventCountry "GER"]
[SourceTitle "EXT 2018"]
[Source "ChessBase"]
[SourceDate "2017.10.13"]
[SourceVersion "1"]
[SourceVersionDate "2017.10.13"]
[SourceQuality "1"]

1. d4 e6 2. e4 d5 3. e5 c5 4. c3 Nc6 5. Nf3 Qb6 6. Be2 Bd7 7. 0-0 cxd4 8. cxd4 Nh6 9. Nc3 Nf5 10. Na4 Qc7 11. Bf4 Be7 12. Nc3 Qb6 13. Nb5 a6 14. Nc3 Nfxd4 15. Nxd4 Nxd4 16. Be3 Nxe2+ 17. Qxe2 Qc7 18. Bf4 d4 19. Ne4 Bb5 20. Nd6+ Bxd6 21. exd6 Qc6 22. Qd2 Bxf1 23. Rxf1 Qb6 24. Rc1 0-0 25. a4 a5 26. Qc2 f6 27. d7 e5 28. Qc4+ Kh8 29. Qc8 Qd8 30. Qxb7 exf4 31. Kf1 g6 32. Ke2 Qb8 33. Qc6 Qxb2+ 34. Rc2 Qb8 35. Kd3 1/2-1/2